[Event "BRA-ch 89th"]
[Site "Recife"]
[Date "2023.12.14"]
[Round "2"]
[White "Iurk, Jonel Nazareno"]
[Black "Fier, Alexandr"]
[Result "0-1"]
[WhiteElo "2044"]
[BlackElo "2545"]
[PlyCount "72"]
[EventDate "2023.12.13"]
[EventType "swiss"]
[EventRounds "11"]
[EventCountry "BRA"]
[SourceTitle "CB52_2023"]
[SourceDate "2023.12.27"]
[SourceVersion "1"]
[SourceVersionDate "2023.12.27"]
[SourceQuality "1"]

1. d4 Nf6 2. c4 g6 3. Nf3 Bg7 4. g3 d5 5. Bg2 0-0 6. cxd5 Nxd5 7. 0-0 Nb6 8. Nc3 Nc6 9. e3 Re8 10. b3 e5 11. dxe5 Nxe5 12. Nxe5 Bxe5 13. Bb2 c6 14. Qxd8 Rxd8 15. Rad1 Bg4 16. f3 Be6 17. Rxd8+ Rxd8 18. Rd1 Ra8 19. Rd2 a5 20. f4 Bg7 21. Ne4 Bxb2 22. Rxb2 Kf8 23. Nc5 Bc8 24. Kf2 Ke7 25. e4 f6 26. Bf1 a4 27. b4 a3 28. Rc2 f5 29. Bd3 fxe4 30. Bxe4 Ra7 31. Re2 Kd6 32. Rd2+ Kc7 33. Rc2 Na4 34. h4 Bg4 35. b5 Kb6 36. Nxa4+ Rxa4 0-1

[Event "Matinhos op 6th"]
[Site "Matinhos"]
[Date "2022.09.20"]
[Round "3.10"]
[White "Bashtavenko, Aleksey Stanislavov"]
[Black "Iurk, Jonel Nazareno"]
[Result "0-1"]
[WhiteElo "1607"]
[BlackElo "2082"]
[PlyCount "64"]
[EventDate "2022.09.18"]
[EventType "swiss"]
[EventRounds "7"]
[EventCountry "BRA"]
[SourceTitle "CBM 210 Extra"]
[Source "ChessBase"]
[SourceDate "2022.11.30"]
[SourceVersion "1"]
[SourceVersionDate "2022.11.30"]
[SourceQuality "1"]

1. d4 d5 2. c4 c6 3. Nc3 e6 4. cxd5 exd5 5. Bf4 Bf5 6. e3 Nf6 7. Bd3 Bxd3 8. Qxd3 Bd6 9. Bg3 0-0 10. Nf3 Re8 11. Bh4 Nbd7 12. 0-0 Qb6 13. a3 Ne4 14. b4 Nxc3 15. Qxc3 a5 16. bxa5 Qxa5 17. Qxa5 Rxa5 18. Rab1 Rb8 19. Rfc1 Rxa3 20. Bg3 Bxg3 21. hxg3 Kf8 22. Ne1 Ke7 23. Nc2 Rc3 24. Kf1 Ra8 25. Nb4 Rxc1+ 26. Rxc1 Kd6 27. Ke2 Ra4 28. Nd3 Ra2+ 29. Kf3 Rd2 30. Rc3 Nf6 31. g4 Ne4 32. Rb3 Rxf2+ 0-1

[Event "Matinhos Caioba op"]
[Site "Matinhos"]
[Date "2015.08.16"]
[Round "5"]
[White "Iurk, Jonel Nazareno"]
[Black "Pires, Marcos Vinicius Tor"]
[Result "0-1"]
[WhiteElo "2090"]
[BlackElo "2241"]
[PlyCount "62"]
[EventDate "2015.08.14"]
[EventType "swiss"]
[EventRounds "6"]
[EventCountry "BRA"]
[SourceTitle "EXT 2016"]
[Source "ChessBase"]
[SourceDate "2015.10.08"]
[SourceVersion "1"]
[SourceVersionDate "2015.10.08"]
[SourceQuality "1"]

1. d4 d5 2. Nf3 Nf6 3. c4 c6 4. cxd5 cxd5 5. Nc3 Nc6 6. Qb3 e6 7. e3 Bd6 8. Bd3 0-0 9. 0-0 Re8 10. Rd1 a6 11. e4 dxe4 12. Nxe4 Be7 13. Bg5 Nd5 14. Bxe7 Ncxe7 15. Rac1 Nf4 16. Bf1 b6 17. g3 Nfd5 18. Qa3 Nf5 19. Bg2 Bb7 20. Ne5 Rc8 21. Rxc8 Qxc8 22. g4 Qc2 23. Qb3 Qxb3 24. axb3 Nh4 25. Nd6 Rb8 26. Nxb7 Nxg2 27. Nd6 Ngf4 28. Nexf7 Rf8 29. Ng5 h6 30. Nge4 Nh3+ 31. Kf1 Ne3+ 0-1

[Event "Florianopolis Cordioli Memorial"]
[Site "Florianopolis"]
[Date "2015.07.04"]
[Round "5"]
[White "De Haro, Martim Alfonso"]
[Black "Iurk, Jonel Nazareno"]
[Result "1/2-1/2"]
[WhiteElo "1987"]
[BlackElo "2142"]
[PlyCount "40"]
[EventDate "2015.07.03"]
[EventType "swiss"]
[EventRounds "7"]
[EventCountry "BRA"]
[SourceTitle "EXT 2016"]
[Source "ChessBase"]
[SourceDate "2015.10.08"]
[SourceVersion "1"]
[SourceVersionDate "2015.10.08"]
[SourceQuality "1"]

1. d4 d5 2. c4 c6 3. Nf3 e6 4. g3 f5 5. Bg2 Nf6 6. 0-0 Bd6 7. b3 Qe7 8. a3 a5 9. Nc3 Nbd7 10. c5 Bc7 11. Bf4 e5 12. dxe5 Nxe5 13. Nxe5 Bxe5 14. Bxe5 Qxe5 15. Na4 0-0 16. Nb6 Ra7 17. e3 Nd7 18. Na4 Qe7 19. Qd4 Nf6 20. Nb6 Nd7 1/2-1/2

[Event "Florianopolis Cordioli Memorial"]
[Site "Florianopolis"]
[Date "2015.07.04"]
[Round "3"]
[White "Fischer Schilling, Ian"]
[Black "Iurk, Jonel Nazareno"]
[Result "0-1"]
[WhiteElo "1841"]
[BlackElo "2142"]
[PlyCount "96"]
[EventDate "2015.07.03"]
[EventType "swiss"]
[EventRounds "7"]
[EventCountry "BRA"]
[SourceTitle "EXT 2016"]
[Source "ChessBase"]
[SourceDate "2015.10.08"]
[SourceVersion "1"]
[SourceVersionDate "2015.10.08"]
[SourceQuality "1"]

1. e4 c6 2. Nf3 d5 3. exd5 cxd5 4. Ne5 Nc6 5. Bb5 Bd7 6. Bxc6 Bxc6 7. d4 Nf6 8. 0-0 e6 9. Nd2 Qb6 10. c3 Bd6 11. f4 0-0 12. Kh1 Rae8 13. g4 Ne4 14. Nxe4 dxe4 15. Nxc6 Qxc6 16. g5 f6 17. gxf6 Rxf6 18. Be3 Ref8 19. Qg4 Bxf4 20. Rxf4 Rxf4 21. Bxf4 e3+ 22. Qg2 Qxg2+ 23. Kxg2 Rxf4 24. Rf1 g5 25. Rf3 Re4 26. Kf1 e2+ 27. Ke1 Kg7 28. Rf2 Rh4 29. Kxe2 Rh3 30. Kf1 Kg6 31. Kg2 Rd3 32. Rf3 Rd2+ 33. Rf2 Rd1 34. h3 h5 35. Kf3 Rd3+ 36. Kg2 b5 37. Rf3 Rd2+ 38. Rf2 Rd1 39. Rf1 Rxf1 40. Kxf1 Kf5 41. a4 bxa4 42. c4 Ke4 43. c5 Kd5 44. Ke2 e5 45. c6 Kxc6 46. dxe5 Kd5 47. Kf3 Kxe5 48. Ke3 Kd5 0-1

[Event "Sao Bento do Sul op 4th"]
[Site "Sao Bento do Sul"]
[Date "2015.06.07"]
[Round "6"]
[White "De Oliveira, Guilherme Alfredo B"]
[Black "Iurk, Jonel Nazareno"]
[Result "0-1"]
[WhiteElo "1567"]
[BlackElo "2142"]
[PlyCount "84"]
[EventDate "2015.06.05"]
[EventType "swiss"]
[EventRounds "6"]
[EventCountry "BRA"]
[SourceTitle "EXT 2017"]
[Source "ChessBase"]
[SourceDate "2016.10.25"]
[SourceVersion "1"]
[SourceVersionDate "2016.10.25"]
[SourceQuality "1"]

1. d4 d5 2. Nf3 c6 3. Bf4 Bf5 4. c3 e6 5. e3 Bd6 6. Bxd6 Qxd6 7. Be2 Nd7 8. 0-0 h6 9. Nbd2 Ngf6 10. c4 0-0 11. a3 a5 12. c5 Qc7 13. b4 e5 14. dxe5 Nxe5 15. Nxe5 Qxe5 16. Nf3 Qe7 17. Nd4 Bd7 18. Qc2 Ne4 19. Bd3 f5 20. Rfe1 g6 21. Nb3 axb4 22. axb4 Qf6 23. Nd4 Ng5 24. Ra2 Ne6 25. Nxe6 Bxe6 26. Qb2 Rxa2 27. Qxa2 Qc3 28. Qe2 Qxb4 29. Rb1 Qxc5 30. Rxb7 Qc1+ 31. Qf1 Qxf1+ 32. Kxf1 Rf7 33. Rb6 Rc7 34. Ke2 Kf7 35. Bc2 Ke7 36. Rb8 Rc8 37. Rb7+ Bd7 38. g4 fxg4 39. Bxg6 Kd6 40. Bh5 Rg8 41. Kf1 Rg5 42. Bf7 Rg7 0-1

[Event "Sao Bento do Sul op 4th"]
[Site "Sao Bento do Sul"]
[Date "2015.06.06"]
[Round "3"]
[White "Iurk, Jonel Nazareno"]
[Black "Gauche, Charles"]
[Result "0-1"]
[WhiteElo "2142"]
[BlackElo "2275"]
[PlyCount "35"]
[EventDate "2015.06.05"]
[EventType "swiss"]
[EventRounds "6"]
[EventCountry "BRA"]
[SourceTitle "EXT 2017"]
[Source "ChessBase"]
[SourceDate "2016.10.25"]
[SourceVersion "1"]
[SourceVersionDate "2016.10.25"]
[SourceQuality "1"]

1. d4 d5 2. Nf3 c6 3. g3 Bf5 4. Bg2 Nf6 5. 0-0 e6 6. c3 h6 7. Qb3 Qb6 8. Bf4 Nbd7 9. Nbd2 Be7 10. h3 0-0 11. g4 Bh7 12. Ne5 Rfd8 13. Nxd7 Rxd7 14. Be5 Rc8 15. Rfe1 h5 16. Qxb6 axb6 17. Bxf6 gxf6 18. gxh5 0-1

[Event "BRA-ch sf1 80th"]
[Site "Rio de Janeiro"]
[Date "2013.11.03"]
[Round "6"]
[White "Teixeira, Ricardo da Silva"]
[Black "Iurk, Jonel Nazareno"]
[Result "1/2-1/2"]
[WhiteElo "2227"]
[BlackElo "2104"]
[PlyCount "85"]
[EventDate "2013.10.31"]
[EventType "swiss"]
[EventRounds "7"]
[EventCountry "BRA"]
[SourceTitle "EXT 2014"]
[Source "ChessBase"]
[SourceDate "2013.11.20"]
[SourceVersion "1"]
[SourceVersionDate "2013.11.20"]
[SourceQuality "1"]

1. Nf3 Nf6 2. c4 c5 3. Nc3 Nc6 4. e3 e6 5. d4 d5 6. cxd5 exd5 7. Bb5 a6 8. Bxc6+ bxc6 9. 0-0 Be7 10. dxc5 Bxc5 11. Qa4 Bb7 12. e4 0-0 13. Bg5 h6 14. Bh4 g5 15. Bg3 Nxe4 16. Nxe4 dxe4 17. Qxe4 Qd5 18. Qc2 Bd4 19. Nxd4 Qxd4 20. Rad1 Qg7 21. Rd7 Bc8 22. Rc7 Be6 23. Rxc6 Rfc8 24. b3 Qh7 25. Qxh7+ Kxh7 26. Bc7 a5 27. Rfc1 a4 28. R6c3 axb3 29. axb3 Bxb3 30. h4 Be6 31. hxg5 hxg5 32. Kh2 Ra7 33. Kg3 Rb7 34. f4 gxf4+ 35. Kxf4 Rb4+ 36. Ke5 Rh4 37. Kf6 Rg8 38. g3 Rh5 39. Rc5 Rg6+ 40. Ke7 Rgg5 41. Rxg5 Rxg5 42. Bf4 Rd5 43. Rh1+ 1/2-1/2

[Event "BRA-ch sf1 80th"]
[Site "Rio de Janeiro"]
[Date "2013.11.02"]
[Round "5"]
[White "Iurk, Jonel Nazareno"]
[Black "Silva, Gustavo Queiroz Dos"]
[Result "1-0"]
[WhiteElo "2104"]
[BlackElo "1957"]
[PlyCount "67"]
[EventDate "2013.10.31"]
[EventType "swiss"]
[EventRounds "7"]
[EventCountry "BRA"]
[SourceTitle "EXT 2014"]
[Source "ChessBase"]
[SourceDate "2013.11.20"]
[SourceVersion "1"]
[SourceVersionDate "2013.11.20"]
[SourceQuality "1"]

1. e4 e5 2. Nf3 Nc6 3. Bb5 a6 4. Bxc6 dxc6 5. d4 exd4 6. Qxd4 Bg4 7. Be3 Bxf3 8. gxf3 Qxd4 9. Bxd4 0-0-0 10. Bc3 f6 11. Nd2 Bd6 12. Rd1 Ne7 13. Nc4 Bf4 14. 0-0 Ng6 15. Kh1 Nh4 16. e5 b5 17. exf6 bxc4 18. fxg7 Rhg8 19. Rxd8+ Rxd8 20. Bf6 Rg8 21. Bxh4 Rxg7 22. Rd1 Be5 23. c3 Rd7 24. Rxd7 Kxd7 25. Bg3 Ke6 26. Kg2 Bd6 27. Kf1 Kf5 28. Ke2 a5 29. a4 h5 30. h3 c5 31. Ke3 Be5 32. Bxe5 Kxe5 33. f4+ Kf5 34. Kf3 1-0

[Event "BRA-ch sf1 80th"]
[Site "Rio de Janeiro"]
[Date "2013.10.31"]
[Round "1"]
[White "Iurk, Jonel Nazareno"]
[Black "Umetsubo, Cesar Hidemitsu"]
[Result "1/2-1/2"]
[WhiteElo "2104"]
[BlackElo "2310"]
[PlyCount "105"]
[EventDate "2013.10.31"]
[EventType "swiss"]
[EventRounds "7"]
[EventCountry "BRA"]
[SourceTitle "EXT 2014"]
[Source "ChessBase"]
[SourceDate "2013.11.20"]
[SourceVersion "1"]
[SourceVersionDate "2013.11.20"]
[SourceQuality "1"]

1. d4 Nf6 2. Nf3 e6 3. g3 c5 4. Bg2 cxd4 5. 0-0 Be7 6. Nxd4 0-0 7. c4 Nc6 8. Nc3 a6 9. b3 Qb6 10. e3 Rd8 11. Bb2 d6 12. Qd2 Bd7 13. Rfd1 Rac8 14. Rac1 Ne5 15. Ne4 Neg4 16. Nxf6+ Nxf6 17. Rc2 Rb8 18. Bc3 Qc5 19. Bb4 Qh5 20. Qe2 Qg6 21. c5 dxc5 22. Bxc5 Bxc5 23. Rxc5 h6 24. Rdc1 Ne8 25. b4 Qf6 26. Qf3 e5 27. Qxf6 gxf6 28. Ne2 b6 29. R5c2 Ba4 30. Rb2 Kf8 31. Bh3 Nd6 32. f3 Nb5 33. Nc3 Nxc3 34. Rxc3 Rd1+ 35. Kf2 Rbd8 36. Rc8 Rxc8 37. Bxc8 Bb5 38. Bf5 Rf1+ 39. Kg2 Re1 40. Kf2 Rc1 41. h4 Ke7 42. Be4 Bd7 43. Bb7 a5 44. bxa5 bxa5 45. Bd5 Rd1 46. e4 f5 47. Rb7 fxe4 48. fxe4 Ke8 49. Ra7 a4 50. Ra8+ Ke7 51. Ra7 Ke8 52. Ra8+ Ke7 53. Ra7 1/2-1/2

[Event "Sao Bento do Sul op"]
[Site "Sao Bento do Sul"]
[Date "2013.06.29"]
[Round "4"]
[White "Iurk, Jonel Nazareno"]
[Black "Disconzi da Silva, Rodrigo"]
[Result "1/2-1/2"]
[WhiteElo "2081"]
[BlackElo "2379"]
[PlyCount "63"]
[EventDate "2013.06.28"]
[EventType "swiss"]
[EventRounds "6"]
[EventCountry "BRA"]
[SourceTitle "EXT 2014"]
[Source "ChessBase"]
[SourceDate "2013.11.20"]
[SourceVersion "1"]
[SourceVersionDate "2013.11.20"]
[SourceQuality "1"]

1. d4 Nf6 2. Nf3 g6 3. g3 Bg7 4. Bg2 0-0 5. 0-0 d6 6. c4 Nc6 7. Nc3 a6 8. Bg5 Rb8 9. Qd2 b5 10. cxb5 axb5 11. Bxf6 exf6 12. Nd5 Be6 13. Nxc7 Bc4 14. d5 Qxc7 15. dxc6 Qxc6 16. b3 Be6 17. Rfd1 f5 18. Rac1 Qa6 19. Rc2 Rbc8 20. Rdc1 Qa3 21. e3 Rxc2 22. Rxc2 Rc8 23. Rxc8+ Bxc8 24. Nd4 Qc5 25. b4 Qb6 26. Bf1 Bb7 27. Qc3 Bxd4 28. exd4 Bd5 29. a3 Qb7 30. Qe3 Qc7 31. h4 h5 32. Qe8+ 1/2-1/2

[Event "Sao Bento do Sul op"]
[Site "Sao Bento do Sul"]
[Date "2013.06.29"]
[Round "3"]
[White "Rapouso, Ricardo Luis Borba"]
[Black "Iurk, Jonel Nazareno"]
[Result "1/2-1/2"]
[WhiteElo "1917"]
[BlackElo "2081"]
[PlyCount "38"]
[EventDate "2013.06.28"]
[EventType "swiss"]
[EventRounds "6"]
[EventCountry "BRA"]
[SourceTitle "EXT 2014"]
[Source "ChessBase"]
[SourceDate "2013.11.20"]
[SourceVersion "1"]
[SourceVersionDate "2013.11.20"]
[SourceQuality "1"]

1. d4 d5 2. c4 c6 3. Nc3 e6 4. e3 f5 5. Bd3 Nf6 6. Nge2 Bd6 7. f3 0-0 8. 0-0 Nbd7 9. Bd2 Qe7 10. cxd5 cxd5 11. Nb5 a6 12. Nxd6 Qxd6 13. Qb3 Qb6 14. Qa3 Re8 15. Rac1 Nf8 16. Ba5 Qa7 17. Qb3 Bd7 18. Bb6 Qb8 19. Bc7 Qa7 1/2-1/2

[Event "Petropolis op"]
[Site "Petropolis"]
[Date "2012.01.29"]
[Round "1.12"]
[White "Silva, Airton Dias Da"]
[Black "Iurk, Jonel Nazareno"]
[Result "0-1"]
[WhiteElo "1795"]
[BlackElo "2083"]
[PlyCount "60"]
[EventDate "2012.01.27"]
[EventType "swiss"]
[EventRounds "6"]
[EventCountry "BRA"]
[SourceTitle "EXT 2022"]
[Source "ChessBase"]
[SourceDate "2021.10.06"]
[SourceVersion "1"]
[SourceVersionDate "2021.10.06"]
[SourceQuality "1"]

1. e4 c5 2. Nf3 d6 3. d4 cxd4 4. Nxd4 a6 5. a3 e5 6. Nf3 Be6 7. Ng5 Nf6 8. Nxe6 fxe6 9. Nc3 d5 10. exd5 exd5 11. Bg5 d4 12. Bxf6 Qxf6 13. Nd5 Qd6 14. Bc4 Nd7 15. Qf3 0-0-0 16. Qb3 b5 17. Be2 Nc5 18. Qh3+ Kb8 19. Nb4 g6 20. 0-0-0 Bg7 21. Nd3 e4 22. Nxc5 Qxc5 23. Kb1 Rd6 24. Rhe1 Rhd8 25. Bf1 d3 26. c3 Qxf2 27. Ka1 Qc2 28. Qe3 d2 29. Qxe4 dxe1Q 30. Rxe1 Qxe4 0-1

[Event "Latin Cup"]
[Site "Montevideo"]
[Date "2011.11.05"]
[Round "7"]
[White "Izquierdo, Sebastian"]
[Black "Iurk, Jonel Nazareno"]
[Result "1/2-1/2"]
[WhiteElo "2051"]
[BlackElo "2023"]
[PlyCount "128"]
[EventDate "2011.11.01"]
[EventType "swiss"]
[EventRounds "9"]
[EventCountry "URU"]
[SourceTitle "EXT 2012"]
[Source "ChessBase"]
[SourceDate "2011.11.24"]
[SourceVersion "1"]
[SourceVersionDate "2011.11.24"]
[SourceQuality "1"]

1. Nf3 d5 2. d4 c6 3. g3 Bf5 4. Bg2 e6 5. 0-0 Nf6 6. c4 Be7 7. Nc3 Nbd7 8. b3 Ne4 9. Bb2 0-0 10. Nxe4 Bxe4 11. Ne1 Bxg2 12. Kxg2 f5 13. f4 Nf6 14. Nd3 Ne4 15. e3 Qe8 16. a4 Bf6 17. Ba3 Rf7 18. Nf2 Nxf2 19. Kxf2 g5 20. Qh5 gxf4 21. gxf4 Rg7 22. Qxe8+ Rxe8 23. Rg1 Rxg1 24. Rxg1+ Kf7 25. Bc5 a6 26. Ba3 Rg8 27. Rb1 Ke8 28. c5 Bh4+ 29. Kf3 Kd7 30. b4 Bd8 31. Bb2 b6 32. Bc3 Kc8 33. b5 axb5 34. axb5 cxb5 35. cxb6 Bxb6 36. Rxb5 Kc7 37. Ba5 Bxa5 38. Rxa5 Kb6 39. Rc5 Rg6 40. Rc2 Kb5 41. Rc7 Rh6 42. Kg3 Kb4 43. h4 Kb5 44. Re7 Kc6 45. Ra7 Kd6 46. Ra1 Ke7 47. Rh1 Rg6+ 48. Kf3 Rg4 49. h5 Kf6 50. Rh3 Ke7 51. Ke2 Kd6 52. h6 Rg6 53. Kd3 Kc6 54. Kc3 Kb5 55. Rh1 Kc6 56. Kd3 Kb5 57. Rb1+ Kc6 58. Rc1+ Kd6 59. Rh1 Rg2 60. Rh5 Rg6 61. Rh1 Kc6 62. Kc3 Kb5 63. Rh5 Ka4 64. Rh1 Kb5 1/2-1/2

[Event "Latin Cup"]
[Site "Montevideo"]
[Date "2011.11.04"]
[Round "5"]
[White "Iurk, Jonel Nazareno"]
[Black "Leiva Rodriguez, Jeammarco Giuseppe"]
[Result "0-1"]
[WhiteElo "2023"]
[BlackElo "2183"]
[PlyCount "100"]
[EventDate "2011.11.01"]
[EventType "swiss"]
[EventRounds "9"]
[EventCountry "URU"]
[SourceTitle "EXT 2012"]
[Source "ChessBase"]
[SourceDate "2011.11.24"]
[SourceVersion "1"]
[SourceVersionDate "2011.11.24"]
[SourceQuality "1"]

1. d4 Nf6 2. c4 e6 3. Nf3 b6 4. g3 Bb7 5. Bg2 Be7 6. 0-0 0-0 7. Bg5 d6 8. Nc3 Nbd7 9. Re1 Ne4 10. Nxe4 Bxe4 11. Bxe7 Qxe7 12. Qd2 Nf6 13. Nh4 Bxg2 14. Nxg2 c5 15. Rad1 Rfd8 16. e4 e5 17. d5 a6 18. f3 b5 19. Ne3 g6 20. Ra1 Qd7 21. Kg2 Rdb8 22. Reb1 a5 23. b3 a4 24. b4 Qc7 25. bxc5 Qxc5 26. cxb5 Rxb5 27. Rxb5 Qxb5 28. Rc1 Rb8 29. Nc4 Ne8 30. Rc2 Rc8 31. Na3 Rxc2 32. Qxc2 Qb4 33. Nc4 a3 34. Qd3 Nc7 35. Nxa3 Qb2+ 36. Qc2 Qxa3 37. Qxc7 Qxa2+ 38. Kh3 Qa3 39. Kg2 Kg7 40. Qc6 h5 41. h4 Qb2+ 42. Kg1 Qd4+ 43. Kf1 Qd1+ 44. Kf2 Qd2+ 45. Kg1 Qd4+ 46. Kf1 Qd3+ 47. Kf2 Qd2+ 48. Kf1 Qe3 49. Qxd6 Qxf3+ 50. Kg1 Qxg3+ 0-1

[Event "Latin Cup"]
[Site "Montevideo"]
[Date "2011.11.03"]
[Round "3"]
[White "Iurk, Jonel Nazareno"]
[Black "Michailov, Matias"]
[Result "1/2-1/2"]
[WhiteElo "2023"]
[BlackElo "2117"]
[PlyCount "99"]
[EventDate "2011.11.01"]
[EventType "swiss"]
[EventRounds "9"]
[EventCountry "URU"]
[SourceTitle "EXT 2012"]
[Source "ChessBase"]
[SourceDate "2011.11.24"]
[SourceVersion "1"]
[SourceVersionDate "2011.11.24"]
[SourceQuality "1"]

1. d4 d5 2. Nf3 Nf6 3. g3 Bf5 4. Bg2 c6 5. 0-0 e6 6. c4 dxc4 7. Nc3 Nbd7 8. Bg5 Be7 9. Bxf6 Nxf6 10. Ne5 0-0 11. Nxc4 Bg6 12. e3 Qc7 13. Rc1 Rfd8 14. Qb3 Rac8 15. Ne5 Qb8 16. Nxg6 hxg6 17. Rfd1 Bd6 18. Ne4 Nxe4 19. Bxe4 g5 20. Rd3 g6 21. Rcd1 Kg7 22. Bg2 Rh8 23. e4 a5 24. d5 cxd5 25. exd5 e5 26. Rc3 Qa7 27. Rdc1 a4 28. Qb5 Rxc3 29. Rxc3 a3 30. bxa3 Qd4 31. Qd3 Qxd3 32. Rxd3 Rc8 33. Rd2 Rc3 34. Bf1 e4 35. Kg2 Kf6 36. Be2 Ke5 37. Bd1 f5 38. Bb3 f4 39. Kf1 f3 40. Ke1 g4 41. Rc2 Rd3 42. Rd2 Bc5 43. Rxd3 exd3 44. d6 Kxd6 45. Bf7 Ke5 46. Bxg6 d2+ 47. Kxd2 Bxf2 48. Bh5 Kf5 49. h3 Bxg3 50. Bxg4+ 1/2-1/2